| 000 | 01317nam a2200205Ia 4500 | ||
|---|---|---|---|
| 003 | Ost | ||
| 005 | 20260507075112.0 | ||
| 008 | 260507s9999||||xx |||||||||||||| ||und|| | ||
| 040 | _cfsecg | ||
| 041 | _aara | ||
| 082 | _a0 | ||
| 100 |
_aالبكري، سونيا محمد _eمؤلف |
||
| 245 | 0 |
_aنظم المعلومات الإدارية(المفاهيم الأساسية) / _c سونيا محمد البكري |
|
| 260 |
_aالاسكندرية: _bالدار الجامعية, _c2004 |
||
| 300 |
_a424 صفحة؛ _bإيضاحات ؛ _c24 سم |
||
| 504 | _aببليوغرافيا:ص.191:ص.415-423 | ||
| 520 | _aمفهوم نظم المعلومات،أنواع نظم المعلومات المبينة على الحاسب الآلي،مدخل النظم،تحليل المفاهيم الأساسية للمعلومات،مقدمة في نظم الحاسب الآلي،دور نظم المعلومات الإستراتيجية في التنظيم،نظم المعلومات الإدارية والإدارة،الهيكل التنظيمي لنظم المعلومات الإدارية،تطوير نظم المعلومات الادارية أدوات محلل النظام،نظم المعلومات الوظيفية | ||
| 653 | _aنظم المعلومات- المؤسسة الممتدة | ||
| 942 | _cكتاب | ||
| 999 |
_c42934 _d42934 |
||